banner-ar

BALI: MENSCHEN ZUISCHEN GOTTERN UND DAMONEN / (Record no. 15462)

MARC details
000 -الفاتح
حقل البيانات ثابتة الطول 00355nam a2200157Ia 4500
040 ## - مصدر الفهرسة
وكالة الفهرسة الأصلية GCL /
وكالة النسخ GCL
082 04 - رقم تصنيف ديوى العشرى
رقم التصنيف 069.0598
رقم المادة K B
100 1# - المدخل الرئيسى - إسم شخصى
الإسم الشخصى KREBS, G
245 10 - بيان العنوان
العنوان BALI: MENSCHEN ZUISCHEN GOTTERN UND DAMONEN /
بيان المسئوليه,etc KREBS, G
300 ## - الوصف المادى
التعداد 15 P
650 04 - المدخل الاضافى بالموضوع-مصطلح موضوعى
مصطلح موضوعي MUSEUMS
650 04 - المدخل الاضافى بالموضوع-مصطلح موضوعى
مصطلح موضوعي INDONESIA
650 04 - المدخل الاضافى بالموضوع-مصطلح موضوعى
مصطلح موضوعي INDONESIA MUSEUM
942 ## - عناصر المدخل الإضافي( كوها)
مصدر التصنيف او مخطط الترفيف Dewey Decimal Classification
Koha [default] item type كتاب
Holdings
حالة التراجع حالة الفقد حالة تلف ليس للاعارة المكان المؤقت الموقع الحالى تاريخ الاكتساب اجمالي اﻻعارات رقم الطلب الباركود تاريخ اخر مشاهدة تاريخ تفعيل السعر نوع وعاء كوها
        مكتبة القاهرة الكبرى مكتبة القاهرة الكبرى 03/26/2014   069.0598\K B 28605 03/26/2014 03/26/2014 كتاب

Powered By

EGPV